000 00564nam a2200205Ia 4500
008 160418s9999 xx 000 0 und d
020 _a971-08-1377-3
050 _aFIL PN 6131
050 _b.D44 2003 c.1
100 _aDe Guzman, Maria Odulio.
245 _aModel letters for all occasions, sentence stress, and emphasis /
245 _cMaria Odulio De Guzman.
260 _aMandaluyong:
260 _bNational Books Store,
260 _c2003
300 _a81 pages :
300 _billustrations ;
300 _c18 cm.
650 _aLetter writing.
999 _c293524
_d293524